| 000 | 00992cas a22002897ar4500 | ||
|---|---|---|---|
| 005 | 20220329142321.0 | ||
| 008 | 000619c1997 mx zr pernn 0 b1spa d | ||
| 010 | _a81592 | ||
| 011 | _a82564 | ||
| 035 | _a93063 | ||
| 245 | 0 | 0 |
_aCiencia _c/por Academia Mexicana de Ciencias |
| 260 | 0 |
_aMéxico, D. F. : _bAcademia Mexicana de Ciencias, _c1997- |
|
| 300 | _av. | ||
| 310 | _aTrimestral | ||
| 362 | _av.48 n.3, 1997 | ||
| 590 |
_aBATCH-UPD _b10 _c20130110 _lUCH01 _h1426 |
||
| 590 |
_aBATCH-UPD _b10 _c20130410 _lUCH01 _h0905 |
||
| 590 |
_aBATCH-UPD _b10 _c20130914 _lUCH01 _h0934 |
||
| 590 |
_aCONVERSION _b10 _c20130109 _lUCH01 _h1345 |
||
| 650 | 1 | 4 |
_aCiencia _xPublicaciones periódicas. _923133 |
| 780 | _tCiencia. Academia de la Investigación Científica | ||
| 866 | _av. 49 n. 1 (Enero 1998) - v. 51 n. 4 (Diciembre 2000) | ||
| 866 | _av. 52 n. 1 (Marzo 2001) - v. 52 n. 2 (Junio 2001) | ||
| 866 | _av.48 n.1-3 (1997) | ||
| 901 | _aSE | ||
| 905 | _aLilia Sánchez G. | ||
| 999 |
_c81592 _d81592 |
||